000 00418pab a2200169 454500
008 180718b1997 xxu||||| |||| 00| 0 eng d
100 _aEngineer, Asghar Ali
245 _aCommunalism and communal violence
260 _c1997
300 _ap.10; 10 Jan 1997, p.10
362 _a9 Jan
650 _aViolence - India
650 _aCommunalism - India
650 _aCommunalism
773 _aHindu
909 _a34329
999 _c34329
_d34329